Čortova mel'nica : komedija v četyrech dejstvijach, devjati kartinach : po p'jese-skazke Jana Drdy "Igry s čortom" /

Hlavní autor: Štok, Isidor Vladimirovič, 1908-1980
Další autoři: Bogoslovskij, Nikita Vladimirovič, 1913-2004, Drda, Jan, 1915-1970
Jazyk: Ruština
Vydáno: Moskva : Iskusstvo, 1954
Fyzický popis: 82 s.
Knihy
Uloženo v:
LEADER 00855nam a22002172a 4500
001 001454740
003 CZ BrMZK
005 20150316141300.0
007 ta
008 150209s1954 ru er|||||||||||rus d
040 |a ABA001  |b cze  |c ABA001  |d ABA001  |d BOA001 
100 1 |a Štok, Isidor Vladimirovič,  |d 1908-1980  |7 pag2012718145  |4 aut 
245 1 0 |a Čortova mel'nica :  |b komedija v četyrech dejstvijach, devjati kartinach : po p'jese-skazke Jana Drdy "Igry s čortom" /  |c I. Štok ; muzyka N. Bogoslovskogo 
260 |a Moskva :  |b Iskusstvo,  |c 1954 
300 |a 82 s. 
700 1 |a Bogoslovskij, Nikita Vladimirovič,  |d 1913-2004  |7 ola2008474829  |4 cmp 
700 1 |a Drda, Jan,  |d 1915-1970  |7 jk01023037  |4 ant 
910 |a BOA001  |b 2-0325.270 
990 |a BK 
991 |b 201502 
996 7 |b 2618803366  |c 2-0325.270  |l MZK  |r Sklad / do 24 hodin  |n 0  |w 001489668  |u 000010  |a 1  |e BOA001  |j MZK50  |s A